Countries by population in 2100 - Statistics

General Stats
  • This quiz has been taken 46 times
  • The average score is 9 of 10
Answer Stats
Estimated population Country % Correct
632,000,000 China
100%
1,505,000,000 India
100%
421,000,000 United States
100%
477,000,000 Nigeria
91%
511,000,000 Pakistan
89%
209,000,000 Bangladesh
86%
296,000,000 Indonesia
86%
431,000,000 Democratic Republic of the Congo
77%
367,000,000 Ethiopia
75%
263,000,000 Tanzania
50%
No matching quizzes found
Score Distribution
Percent of People with Each Score
Percentile by Number Answered
Your Score History
You have not taken this quiz